MARC

LEADER 00000nam0a2200000 4500
001 50676
005 20231031033356.0
010 |a 5283043924 
035 |a (RuTPU)RU\TPU\book\53056 
090 |a 50676 
100 |a 20030418d1989 k y0rusy50 ca 
101 0 |a rus 
102 |a RU 
105 |a a z 001zy 
200 1 |a Гидродинамические аспекты надежности современных энергетических установок  |f Б. Д. Гусев, Р. И. Калинин, А. Я. Благовещенский 
210 |a Ленинград  |c Энергоатомиздат  |d 1989 
215 |a 216 с.  |c ил. 
320 |a Библиогр.: с. 210-213. 
610 1 |a энергетические установки 
610 1 |a надежность 
610 1 |a гидродинамические методы 
610 1 |a теплогидродинамика 
610 1 |a теплоносители 
610 1 |a естественная циркуляция 
610 1 |a внутренние течения 
610 1 |a двухфазные течения 
610 1 |a пульсационность 
675 |a 621.1.016.7  |v 3 
700 1 |a Гусев  |b Б. Д.  |g Борис Дмитриевич 
701 1 |a Калинин  |b Р. И.  |g Ремос Иванович 
701 1 |a Благовещенский  |b А. Я.  |g Анатолий Яковлевич 
801 1 |a RU  |b 63413507  |c 20030418  |g PSBO 
801 2 |a RU  |b 63413507  |c 20130622  |g PSBO 
942 |c BK